Древнекитайская философия. Эпоха Хань: [антология]; пер. с кит.; Философия ханьской эпохи; Нэй цзин (Трактат о внутреннем); Хуайнань-цзы (Философы из Хуайнани); Синь юй (Новые речения); Ши цзи (Исторические записки); Фу няо фу (Ода сове); Чунь цю фань-лу (Обильная роса на летописи "Чунь цю"); Хань шу (История Хань); Бо ху тун (Исчерпывающий отчет Белого тигра); Янь те лунь (Рассуждения о соли и железе); Фа янь (Образцовые речи); Тай сюань цзин (Развертывание сокровенного); Синь лунь (Новые суждения); Лунь хэн (Критические рассуждения); Хун-тянь и Лин сянь; Тайпин цзин (Книга Великого спокойствия); Цяньфу лунь (Суждения затворника); Чань янь (Прямые речи); Чжэн лунь (Об управлении); Шэнь цзянь (Изложение явного)
| সংস্থা লেখক: | , |
|---|---|
| অন্যান্য লেখক: | , |
| ভাষা: | রুশ |
| প্রকাশিত: |
Москва, Наука, 1990
|
| TOC: | В. Г. Буров, Философия ханьской эпохи; Нэй цзин (Трактат о внутреннем); Хуайнань-цзы (Философы из Хуайнани); Лу Цзя, Синь юй (Новые речения); Сыма Цянь, Ши цзи (Исторические записки); Цзя И, Фу няо фу (Ода сове); Дун Чжуншу, Чунь цю фань-лу (Обильная роса на летописи "Чунь цю"); Хань шу (История Хань); Бань Гу, Бо ху тун (Исчерпывающий отчет Белого тигра); Хуан Куань, Янь те лунь (Рассуждения о соли и железе); Фа янь (Образцовые речи); Ян Сунь, Тай сюань цзин (Развертывание сокровенного); Хуань Тань, Синь лунь (Новые суждения); Ван Чун, Лунь хэн (Критические рассуждения); Чжан Хэн, Хун-тянь и Лин сянь; Юй Цзи, Тайпин цзин (Книга Великого спокойствия); Ван Фу, Цяньфу лунь (Суждения затворника); Чжунчан Тун, Чань янь (Прямые речи); Цуй Ши, Чжэн лунь (Об управлении); Сунь Юэ, Шэнь цзянь (Изложение явного); |
| বিষয়গুলি: | |
| বিন্যাস: | গ্রন্থ |
| KOHA link: | https://koha.lib.tpu.ru/cgi-bin/koha/opac-detail.pl?biblionumber=20155 |
MARC
| LEADER | 00000nam0a2200000 4500 | ||
|---|---|---|---|
| 001 | 20155 | ||
| 005 | 20231101205334.0 | ||
| 010 | |a 5020164909 | ||
| 035 | |a (RuTPU)RU\TPU\book\20332 | ||
| 035 | |a BOOK00005021 | ||
| 090 | |a 20155 | ||
| 100 | |a 20011209d1990 km y0rusy50 ca | ||
| 101 | 1 | |a rus |c chi | |
| 102 | |a RU | ||
| 105 | |a y z 001zy | ||
| 200 | 1 | |a Древнекитайская философия. Эпоха Хань |e [антология] |e пер. с кит. |f Академия наук СССР (АН СССР), Институт философии (ИФ) ; Академия наук СССР (АН СССР), Институт востоковедения (ИВ) ; сост. Ян Хиншун ; под ред. В. Г. Бурова | |
| 210 | |a Москва |c Наука |d 1990 | ||
| 215 | |a 523 с. | ||
| 320 | |a Указ. имен: с. 479-486. | ||
| 320 | |a Терминологический словарь: с. 487-520. | ||
| 464 | |t Философия ханьской эпохи |f В. Г. Буров | ||
| 464 | |t Нэй цзин (Трактат о внутреннем) |o фрагменты | ||
| 464 | |t Хуайнань-цзы (Философы из Хуайнани) |o фрагменты | ||
| 464 | |t Синь юй (Новые речения) |o фрагменты |f Лу Цзя | ||
| 464 | |t Ши цзи (Исторические записки) |o фрагменты |f Сыма Цянь | ||
| 464 | |t Фу няо фу (Ода сове) |f Цзя И | ||
| 464 | |t Чунь цю фань-лу (Обильная роса на летописи "Чунь цю") |o фрагменты |f Дун Чжуншу | ||
| 464 | |t Хань шу (История Хань) | ||
| 464 | |t Бо ху тун (Исчерпывающий отчет Белого тигра) |f Бань Гу | ||
| 464 | |t Янь те лунь (Рассуждения о соли и железе) |o фрагменты |f Хуан Куань | ||
| 464 | |t Фа янь (Образцовые речи) | ||
| 464 | |t Тай сюань цзин (Развертывание сокровенного) |o фрагменты |f Ян Сунь | ||
| 464 | |t Синь лунь (Новые суждения) |o фрагменты |f Хуань Тань | ||
| 464 | |t Лунь хэн (Критические рассуждения) |o фрагменты |f Ван Чун | ||
| 464 | |t Хун-тянь и Лин сянь |o фрагменты |f Чжан Хэн | ||
| 464 | |t Тайпин цзин (Книга Великого спокойствия) |o фрагменты |f Юй Цзи | ||
| 464 | |t Цяньфу лунь (Суждения затворника) |o фрагменты |f Ван Фу | ||
| 464 | |t Чань янь (Прямые речи) |o фрагменты |f Чжунчан Тун | ||
| 464 | |t Чжэн лунь (Об управлении) |o фрагменты |f Цуй Ши | ||
| 464 | |t Шэнь цзянь (Изложение явного) |o фрагменты |f Сунь Юэ | ||
| 606 | 1 | |a Китайская философия |2 stltpush |3 (RuTPU)RU\TPU\subj\14445 |9 40828 | |
| 610 | 1 | |a философия | |
| 610 | 1 | |a китайская древняя философия | |
| 610 | 1 | |a история | |
| 610 | 1 | |a Хань, эпоха | |
| 610 | 1 | |a 3 век до н.э. | |
| 610 | 1 | |a 3 век | |
| 686 | |a Ю3(5Кит) |v LBC/SL-A |2 rubbk | ||
| 702 | 0 | |a Ян Хиншун |4 220 | |
| 702 | 1 | |a Буров |b В. Г. |4 340 | |
| 712 | 0 | 2 | |a Академия наук СССР (АН СССР) |b Институт философии (ИФ) |2 stltpush |3 (RuTPU)RU\TPU\col\11338 |
| 712 | 0 | 2 | |a Академия наук СССР (АН СССР) |b Институт востоковедения (ИВ) |c (Москва) |2 stltpush |3 (RuTPU)RU\TPU\col\11263 |
| 801 | 0 | |a RU |b 63413507 |c 20011209 |g PSBO | |
| 801 | 2 | |a RU |b 63413507 |c 20141204 |g PSBO | |
| 942 | |c BK | ||